00579nam a2200205Ia 4500003000400000005001700004008004100021020001500062040001800077041000800095082002200103100002400125245006600149250001200215260004100227300003000268650003700298650002300335650001500358OSt20250310092333.0210716s2006 xx 000 0 und d a8170089107 cAIMIT LIBRARY aeng a006.671 21bIBRM aIbrahim, B Mohamed. aJava :bJ2se 5- a practical approach /cBy B Mohamed Ibrahim. a1st ed. aBangalore :bFirewall media ,c2006. axi,332,9p. ;bPBc24.5 cm aException handling multthreading aStreams networking aJava swing